000 00703nam a2200289Ia 4500
005 20260324145359.0
008 008 260324s9999 xx 000 0 eng d
020 _a9781315746326
037 _aEBOOK
040 _aCRL
040 _beng
040 _cCRL
041 _2eng
041 _aeng
084 _qCRL
100 _aJ.A. Allan
_91222756
245 0 _aLibya Since Independence (RLE Economy of Middle East)
245 0 _bEconomic and Political Development
260 _bTaylor and Francis
260 _c1982
365 _a
365 _b180
856 _uhttp://www.taylorfrancis.com/books/9781315746326
942 _cEBOOK
999 _c1830591
_d1830591